| 000 | 00449nam a2200181Ia 4500 | ||
|---|---|---|---|
| 003 | GCL | ||
| 008 | 140319s9999 xx 000 0 eng d | ||
| 040 |
_aGCL / _cGCL |
||
| 082 | 0 | 4 |
_aCC _b916.62 _bD V |
| 100 | 1 | _aIFAO | |
| 245 | 1 | 0 |
_aPERETOIRE CHRONOLOGIQUE D'EPIGRAPHIE ARABE: TOME 18,1991 / _cIFAO |
| 260 |
_a[S.N] : _bIFAO ، _c1991 |
||
| 300 | _a316 PP | ||
| 650 | 0 | 4 | _aHISTORY |
| 650 | 0 | 4 | _aPERIODICALS |
| 650 | 0 | 4 | _aARABS |
| 942 |
_2ddc _cBK |
||
| 999 |
_c17820 _d17820 |
||